00685nam a2200229 a 4500001001300000003000900013005001700022008004100039020002400080082001500104100002300119245003700142260004900179300000900228500003500237650002100272700002300293902000800316942000700324952010700331999001700438nice12345678IN_TiNIC20260116014850.0100329s1976 mica grp 000 0 eng  a0310365201 c109500a220.6bGAE aGaebelein, E Frank aThe Expositor`s Bible Commentary aMichigan bZondervan Publishing House c1976 a508p aincludes index and biblioraphy aBible-Literature1 aGaebelein, E Frank bSRS cBK 001040708REFaHMIbHMIcREFd2010-04-13g1095.00l0o220.6 GAEp023241r2010-04-13w2026-01-16yBK c17328d17328